000 00746nam a22001577a 4500
003 OSt
005 20150917142224.0
008 150917b xxu||||| |||| 00| 0 eng d
040 _cRUA
082 _aAGR SOK 2000 B026 Or.1
100 _9678
_aSOK, CHEA.
245 _aStudy on farmer rice seeds and chimecal fertilizer use under intergrated food security program kampot province សិក្សាការប្រើប្រាស់ពូជស្រូវ និងជីគីមីរបស់កសិករក្រោមកម្មវិធីចំរុះដើម្បីសុវត្ថិភាពស្បៀង ខេត្តកំពត
260 _aPhnom Penh
_bRUA
_c2000
300 _a55p.
_bill.
_c29cm.
942 _2ddc
_cAGR
999 _c653
_d653